[Event "I Chess Classic Festival"]
[Site "Siracusa ITA"]
[Date "2006.09.24"]
[Round "2"]
[White "Gandolfo, Marco"]
[Black "Monica, Vincenzo"]
[Result "0-1"]
[WhiteElo "2073"]
[BlackElo "1523"]
[PlyCount "104"]
[EventDate "2006.09.23"]

1. e4 e5 2. Bc4 Nf6 3. Nf3 Nc6 4. Ng5 d5 5. exd5 Na5 6. Bb5+ c6 7. dxc6 bxc6 8.
Ba4 h6 9. Nf3 e4 10. Ne5 Qd5 11. f4 exf3 12. Qxf3 Qxe5+ 13. Qe2 Qxe2+ 14. Kxe2
Bg4+ 15. Ke1 Bd7 16. d3 Bb4+ 17. c3 Bd6 18. b4 Nb7 19. c4 Be5 20. d4 Bxd4 21.
b5 cxb5 22. cxb5 Bxa1 23. Bf4 Nc5 24. Bd1 Nd3+ 25. Kd2 Nxf4 26. Bf3 Rd8 27.
Re1+ Ne6 28. Kc2 O-O 29. Na3 Nd4+ 30. Kb1 Nxf3 31. gxf3 Bc3 32. Rc1 Bf5+ 33.
Nc2 Bxc2+ 34. Rxc2 Rd1+ 35. Rc1 Rxc1+ 36. Kxc1 Rc8 37. a4 Be5+ 38. Kb1 Bxh2 39.
a5 Nd5 40. a6 Nc3+ 41. Kb2 Nxb5 42. f4 Rc3 43. f5 Bf4 44. Ka2 Rd3 45. Kb2 Nd4
46. Kb1 Rc3 47. Kb2 Rb3+ 48. Ka2 Bc1 49. f6 Rb5 50. Ka1 Ne2 51. Ka2 Nc3+ 52.
Ka1 Ra5# 0-1

[Event "I Chess Classic Festival"]
[Site "Siracusa ITA"]
[Date "2006.09.24"]
[Round "2"]
[White "Karlsson, Lars"]
[Black "Fagotto, Roberto"]
[Result "1-0"]
[WhiteElo "2506"]
[BlackElo "1921"]
[PlyCount "57"]
[EventDate "2006.09.23"]

1. c4 c5 2. Nc3 Nc6 3. g3 Nf6 4. Bg2 d6 5. a3 g6 6. Rb1 Rb8 7. b4 cxb4 8. axb4
a6 9. d3 Bg7 10. b5 axb5 11. Nxb5 O-O 12. e4 Bd7 13. Ne2 Ne8 14. Be3 Nc7 15.
Bb6 Rc8 16. O-O Bg4 17. f3 Be6 18. Nxc7 Rxc7 19. Qb3 Ne5 20. f4 Nd7 21. f5 Nxb6
22. fxe6 Nc8 23. exf7+ Rxf7 24. Nf4 Bd4+ 25. Kh1 Qd7 26. Bh3 Qc6 27. Be6 Kg7
28. Bxf7 Kxf7 29. Nd5+ 1-0

[Event "I Chess Classic Festival"]
[Site "Siracusa ITA"]
[Date "2006.09.24"]
[Round "2"]
[White "Mangiafico, Francesco"]
[Black "Larsson, Daniel"]
[Result "0-1"]
[WhiteElo "1416"]
[BlackElo "1958"]
[PlyCount "101"]
[EventDate "2006.09.23"]

1. d4 d5 2. c3 Nf6 3. Nd2 b6 4. Ndf3 e6 5. Bg5 Nbd7 6. Ne5 c5 7. e3 a6 8. a4
Bd6 9. Ngf3 h6 10. Nxd7 Bxd7 11. Bxf6 Qxf6 12. c4 cxd4 13. Qxd4 Qxd4 14. exd4
Bb4+ 15. Nd2 dxc4 16. Bxc4 Rc8 17. Bd3 O-O 18. Ke2 Bc6 19. f3 Rcd8 20. Rhc1 Ba8
21. Rc4 a5 22. Be4 Bd5 23. Bxd5 exd5 24. Rc6 Rfe8+ 25. Kd3 Re7 26. Kc2 Re2 27.
Rd1 Rxg2 28. Rxb6 Re8 29. Rb5 Ree2 30. Rxd5 Rxd2+ 31. Rxd2 Rxd2+ 32. Kc1 Rxh2
33. Rd8+ Kh7 34. Rd7 Kg6 35. Rc7 h5 36. Rc6+ f6 37. d5 Rd2 38. Re6 Rxd5 39. Re2
Kf5 40. Kc2 Kf4 41. Rg2 g5 42. Rh2 h4 43. Rh3 Rd2+ 44. Kc1 Rf2 45. Kd1 Rxf3 46.
Rh2 Kg3 47. Ke2 Rb3 48. Rh1 Rxb2+ 49. Ke3 Kg2 50. Rd1 h3 51. Rd4 0-1

[Event "I Chess Classic Festival"]
[Site "Siracusa ITA"]
[Date "2006.09.24"]
[Round "2"]
[White "Maugeri, Domenico"]
[Black "Tumino, Andrea"]
[Result "0-1"]
[WhiteElo "1451"]
[BlackElo "1640"]
[PlyCount "94"]
[EventDate "2006.09.23"]

1. d4 Nf6 2. c4 g6 3. Nc3 Bg7 4. Nf3 d6 5. h3 O-O 6. b3 c5 7. e3 cxd4 8. Nxd4
Nc6 9. Nxc6 bxc6 10. Rb1 Bf5 11. Bd3 Bxd3 12. Qxd3 e5 13. e4 d5 14. exd5 e4 15.
Qc2 cxd5 16. Nxd5 Nxd5 17. cxd5 Rc8 18. Qd1 Bc3+ 19. Kf1 Qa5 20. a4 Rfd8 21. d6
Qa6+ 22. Kg1 Rxd6 23. Qg4 Qd3 24. Kh2 Be5+ 25. Bf4 f5 26. Qg3 Bxf4 27. Qxf4 Qd2
28. Qxd2 Rxd2 29. Rhf1 f4 30. Kg1 Re8 31. a5 Kf7 32. b4 Kf6 33. a6 Ke5 34. b5
Re6 35. Rfc1 e3 36. fxe3 fxe3 37. Re1 Ke4 38. Rb4+ Rd4 39. Rb2 Kd3 40. Ree2 Ke4
41. Rb3 Kf4 42. Kh2 Rd2 43. Rb4+ Kf5 44. g4+ Kf6 45. Rf4+ Kg5 46. Rxd2 Kxf4 47.
Re2 Kf3 0-1

[Event "I Chess Classic Festival"]
[Site "Siracusa ITA"]
[Date "2006.09.24"]
[Round "2"]
[White "Minniti, Cristiano"]
[Black "Cordaro, Giovanni"]
[Result "1-0"]
[WhiteElo "1608"]
[BlackElo "1482"]
[PlyCount "89"]
[EventDate "2006.09.23"]

1. e4 c5 2. Nc3 Nc6 3. f4 f6 4. Bb5 e6 5. Nf3 Qc7 6. d3 a6 7. Bxc6 Qxc6 8. O-O
Bd6 9. Qe1 Ne7 10. Qh4 Ng6 11. Qg4 Qc7 12. f5 Ne5 13. Qxg7 Nxf3+ 14. Rxf3 Bxh2+
15. Kh1 Rf8 16. Bh6 Rf7 17. Qg8+ Ke7 18. g3 b5 19. Kxh2 Bb7 20. Qg4 exf5 21.
Qxf5 Rg8 22. Nd5+ Bxd5 23. exd5 Rg6 24. Re1+ Kd8 25. Bf4 d6 26. Qe6 Re7 27.
Qxe7+ Qxe7 28. Rxe7 Kxe7 29. Re3+ Kd7 30. Re6 f5 31. Rxg6 hxg6 32. Kh3 Ke7 33.
Kh4 Kf6 34. Bxd6 c4 35. dxc4 bxc4 36. Bc7 g5+ 37. Kh3 Ke7 38. d6+ Kd7 39. b3
cxb3 40. cxb3 a5 41. a3 Ke6 42. b4 f4 43. gxf4 gxf4 44. bxa5 Ke5 45. d7+ 1-0

[Event "I Chess Classic Festival"]
[Site "Siracusa ITA"]
[Date "2006.09.24"]
[Round "2"]
[White "Moscarelli, Giacomo"]
[Black "Minniti, Elenamaria"]
[Result "1-0"]
[WhiteElo "1661"]
[BlackElo "1455"]
[PlyCount "101"]
[EventDate "2006.09.23"]

1. d4 d5 2. e3 Nf6 3. f4 Bf5 4. Nd2 e6 5. Ngf3 Nc6 6. c3 Bd6 7. b4 O-O 8. Be2
a6 9. O-O Ne4 10. Nxe4 dxe4 11. Ne5 Nxe5 12. fxe5 Be7 13. Bc4 Bg5 14. a4 Qd7
15. Bd2 Qc6 16. Qe2 h6 17. Bb3 b5 18. a5 f6 19. Rxf5 fxe5 20. Rxe5 Rae8 21. Qg4
Rf6 22. Rf1 Bxe3+ 23. Bxe3 Qxc3 24. Bxe6+ Rexe6 25. Qxe4 Rxf1+ 26. Kxf1 Qc4+
27. Kf2 Rf6+ 28. Kg3 Qe2 29. h3 Qe1+ 30. Kh2 Qf1 31. d5 Kf7 32. Re7+ Kg8 33.
Qg4 Rf7 34. Qe6 Kf8 35. Rxf7+ Qxf7 36. Qxf7+ Kxf7 37. Bf4 Ke7 38. Bxc7 Kd7 39.
d6 Kc8 40. h4 Kd7 41. Kg3 Kc8 42. Kf4 Kd7 43. Ke5 Kc6 44. Kf5 Kd5 45. d7 Kc4
46. Bd6 Kd5 47. d8=Q Kc6 48. Bc5 h5 49. Kg5 g6 50. Kxg6 Kb7 51. Kxh5 1-0

[Event "I Chess Classic Festival"]
[Site "Siracusa ITA"]
[Date "2006.09.24"]
[Round "2"]
[White "Murgia, Andrea"]
[Black "Kopischke, Maik"]
[Result "1/2-1/2"]
[WhiteElo "2063"]
[BlackElo "1984"]
[PlyCount "54"]
[EventDate "2006.09.23"]

1. e4 d6 2. d4 Nf6 3. Bd3 g6 4. c3 Bg7 5. h3 O-O 6. Nf3 Nc6 7. O-O e5 8. Re1
Re8 9. d5 Nb8 10. Bg5 h6 11. Be3 Nbd7 12. Nbd2 Nb6 13. c4 c6 14. dxc6 bxc6 15.
c5 dxc5 16. Qc2 Bf8 17. Rad1 Nfd7 18. Nh2 a5 19. f4 exf4 20. Bxf4 Ne5 21. Bxe5
Rxe5 22. Ndf3 Re8 23. e5 Nd5 24. Bxg6 fxg6 25. Qxg6+ Kh8 26. e6 Qe7 27. Ne5
Bxe6 1/2-1/2

[Event "I Chess Classic Festival"]
[Site "Siracusa ITA"]
[Date "2006.09.24"]
[Round "2"]
[White "Nielsen, Jorgen Kamp"]
[Black "Gangemi, Salvatore"]
[Result "0-1"]
[WhiteElo "1697"]
[BlackElo "2077"]
[PlyCount "76"]
[EventDate "2006.09.23"]

1. e4 e6 2. d4 d5 3. Nc3 Bb4 4. e5 c5 5. a3 Bxc3+ 6. bxc3 Nc6 7. Qg4 Nge7 8.
Qxg7 Rg8 9. Qxh7 cxd4 10. f4 Qa5 11. Qd3 dxc3 12. Qb5 Qxb5 13. Bxb5 Rxg2 14.
Ne2 Bd7 15. Kf1 Rg7 16. Nxc3 Rc8 17. Bxc6 Bxc6 18. Rg1 Rh7 19. Ne2 Bb5 20. Rg2
Rxc2 21. Ke1 Bxe2 22. Rxe2 Rxe2+ 23. Kxe2 Rxh2+ 24. Kf3 Rh1 25. Bb2 Rxa1 26.
Bxa1 Nf5 27. Bc3 b5 28. Ke2 Kd7 29. a4 bxa4 30. Ba1 Kc6 31. Kd3 Kc5 32. Bb2 d4
33. Ba3+ Kd5 34. Bb2 a6 35. Ba3 Nh4 36. Bb2 Nf3 37. Ba3 Ne1+ 38. Kd2 Ng2 0-1

[Event "I Chess Classic Festival"]
[Site "Siracusa ITA"]
[Date "2006.09.24"]
[Round "2"]
[White "Santagati, Alessandro"]
[Black "Minniti, Giuseppe"]
[Result "1-0"]
[WhiteElo "2116"]
[BlackElo "1740"]
[PlyCount "33"]
[EventDate "2006.09.23"]

1. d4 Nf6 2. Nf3 e6 3. c4 b6 4. g3 Bb7 5. Bg2 Bb4+ 6. Bd2 Qe7 7. O-O O-O 8. Nc3
c5 9. d5 Bxc3 10. Bxc3 exd5 11. Nh4 d6 12. cxd5 g6 13. Qd2 Nbd7 14. Qg5 Qd8 15.
Nf5 h5 16. Nxd6 Rb8 17. Qh6 1-0

[Event "I Chess Classic Festival"]
[Site "Siracusa ITA"]
[Date "2006.09.24"]
[Round "2"]
[White "Van De Wynkele, Eric"]
[Black "Salvaggio, Salvatore"]
[Result "1-0"]
[WhiteElo "1982"]
[BlackElo "1694"]
[PlyCount "61"]
[EventDate "2006.09.23"]

1. e4 c5 2. Nc3 d6 3. f4 e6 4. Nf3 Nf6 5. Bc4 Be7 6. O-O a6 7. Bb3 Qc7 8. d3
Nbd7 9. a4 O-O 10. Bd2 Rb8 11. a5 b5 12. axb6 Nxb6 13. Qe2 Nfd7 14. g4 Bb7 15.
Rf2 Rfe8 16. f5 exf5 17. gxf5 d5 18. Rg2 c4 19. Ba2 dxe4 20. Nxe4 Bxe4 21. dxe4
Bf6 22. Re1 Ne5 23. Ng5 Na4 24. b3 cxb3 25. Bxb3 Nc3 26. Qh5 Bxg5 27. Rxg5 Nb5
28. f6 Nd4 29. Rxg7+ Kf8 30. Rxh7 Nef3+ 31. Kh1 1-0

[Event "I Chess Classic Festival"]
[Site "Siracusa ITA"]
[Date "2006.09.25"]
[Round "3"]
[White "Agnello, Giuseppe"]
[Black "Van De Wynkele, Eric"]
[Result "1-0"]
[WhiteElo "2139"]
[BlackElo "1982"]
[PlyCount "71"]
[EventDate "2006.09.23"]

1. e4 c6 2. d4 Na6 3. Nc3 Nc7 4. Nf3 g6 5. Bd3 Bg7 6. O-O d6 7. Be3 e5 8. dxe5
dxe5 9. Qd2 Qe7 10. Rfd1 h6 11. h3 b6 12. a4 Bd7 13. a5 b5 14. Be2 Na6 15. Qd6
Nb4 16. Qd2 Nf6 17. Ne1 g5 18. Nd3 Nxd3 19. Qxd3 Bf8 20. a6 Qb4 21. b3 Be7 22.
Bf3 Be6 23. Na2 Qa5 24. Qc3 Qxc3 25. Nxc3 O-O 26. g4 Kg7 27. Ne2 c5 28. Nc3 b4
29. Nd5 Bxd5 30. exd5 Bd6 31. Ra5 Rac8 32. Be2 Nd7 33. Bb5 Nb6 34. Bc6 Rfd8 35.
Bxc5 Rxc6 36. dxc6 1-0

[Event "I Chess Classic Festival"]
[Site "Siracusa ITA"]
[Date "2006.09.25"]
[Round "3"]
[White "Conti, Silvano"]
[Black "Bottini, Paolo"]
[Result "0-1"]
[WhiteElo "1628"]
[BlackElo "1908"]
[PlyCount "74"]
[EventDate "2006.09.23"]

1. e4 c5 2. Nf3 e6 3. d4 cxd4 4. Nxd4 Nf6 5. Nc3 d6 6. Be2 a6 7. Be3 Be7 8. a4
O-O 9. O-O Nc6 10. f4 Qc7 11. Kh1 Bd7 12. Qe1 Rfe8 13. Qg3 Bf8 14. Rad1 Rac8
15. e5 dxe5 16. fxe5 Qxe5 17. Bf4 Qc5 18. Nb3 Qb4 19. Bg5 Nd5 20. Nxd5 exd5 21.
Qf3 Be6 22. Bd3 Ne5 23. Bxh7+ Kxh7 24. Qh5+ Kg8 25. Rd4 Rc4 26. Bd2 Qd6 27. Bf4
Bg4 28. Qh4 Rxd4 29. Nxd4 Ng6 30. Qxg4 Qxf4 31. Qd1 Qe4 32. Nf3 Qe2 33. Qc1 Nf4
34. Nh4 Qg4 35. g3 Ne2 36. Qd2 Nxg3+ 37. hxg3 Re2 0-1

[Event "I Chess Classic Festival"]
[Site "Siracusa ITA"]
[Date "2006.09.25"]
[Round "3"]
[White "Cordaro, Giovanni"]
[Black "Baio, Giuseppe"]
[Result "1-0"]
[WhiteElo "1482"]
[BlackElo "1485"]
[PlyCount "43"]
[EventDate "2006.09.23"]

1. d4 Nf6 2. c4 g6 3. Nc3 Bg7 4. e4 d6 5. f3 b6 6. Be3 Bb7 7. Qd2 O-O 8. Bh6 e5
9. Bxg7 Kxg7 10. d5 a5 11. a4 Nbd7 12. Bd3 Nc5 13. Bc2 Bc8 14. g4 h5 15. gxh5
Nxh5 16. O-O-O Bd7 17. Nge2 Qe7 18. Ng3 Nf4 19. h4 c6 20. Rdg1 b5 21. dxc6 Bxc6
22. Nf5+ 1-0

[Event "I Chess Classic Festival"]
[Site "Siracusa ITA"]
[Date "2006.09.25"]
[Round "3"]
[White "Fagotto, Roberto"]
[Black "Campailla, Maurizio"]
[Result "1-0"]
[WhiteElo "1921"]
[BlackElo "1658"]
[PlyCount "127"]
[EventDate "2006.09.23"]

1. e4 c5 2. Nf3 Nc6 3. d4 cxd4 4. Nxd4 e6 5. Be2 Nf6 6. Nxc6 bxc6 7. Bd3 d6 8.
O-O Be7 9. b3 O-O 10. Bb2 e5 11. Nd2 Qc7 12. h3 Re8 13. Kh1 d5 14. exd5 cxd5
15. c4 d4 16. Ne4 Nxe4 17. Bxe4 Bb7 18. Qd3 Bxe4 19. Qxe4 Rad8 20. a3 a5 21.
Rfe1 Bc5 22. Qd3 Qd7 23. Qd2 Qb7 24. Qxa5 Qxb3 25. Qxc5 Qxb2 26. f3 d3 27. Rab1
Qd4 28. Qxd4 Rxd4 29. Rxe5 Kf8 30. Rxe8+ Kxe8 31. Rd1 Ke7 32. Kg1 Kd6 33. Kf2
Kc5 34. Ke3 Kxc4 35. Rc1+ Kd5 36. Kd2 Ke5 37. g3 f5 38. Rc5+ Kf6 39. f4 g6 40.
Rc6+ Kg7 41. Rc3 Ra4 42. Rxd3 Ra7 43. Kc2 Kh6 44. h4 Kh5 45. Kb3 Kg4 46. a4 h6
47. Kb4 Rb7+ 48. Ka5 Ra7+ 49. Kb5 Rb7+ 50. Ka6 Rb1 51. Ra3 g5 52. hxg5 hxg5 53.
fxg5 Kxg5 54. a5 Kg4 55. Ka7 f4 56. gxf4 Kxf4 57. Rd3 Ke4 58. Rd7 Ke5 59. a6
Ke6 60. Rb7 Ra1 61. Rb6+ Kd7 62. Kb7 Rc1 63. a7 Rc7+ 64. Ka6 1-0

[Event "I Chess Classic Festival"]
[Site "Siracusa ITA"]
[Date "2006.09.25"]
[Round "3"]
[White "Gangemi, Salvatore"]
[Black "Karlsson, Lars"]
[Result "0-1"]
[WhiteElo "2077"]
[BlackElo "2506"]
[PlyCount "47"]
[EventDate "2006.09.23"]

1. c4 e6 2. Nf3 f5 3. Nc3 Nf6 4. d3 Bb4 5. Qc2 O-O 6. g3 c5 7. Bg2 Nc6 8. O-O
d6 9. Bg5 h6 10. Bd2 e5 11. e3 Be6 12. a3 Ba5 13. b3 Rc8 14. Rad1 a6 15. Bc1
Qe8 16. d4 e4 17. Ne1 cxd4 18. exd4 d5 19. b4 Bc7 20. Qe2 Rd8 21. c5 Bf7 22.
Qb2 Bh5 23. Ne2 g5 24. Qb3 0-1

[Event "I Chess Classic Festival"]
[Site "Siracusa ITA"]
[Date "2006.09.25"]
[Round "3"]
[White "Kopischke, Maik"]
[Black "Carnemolla, Giampaolo"]
[Result "1/2-1/2"]
[WhiteElo "1984"]
[BlackElo "1659"]
[PlyCount "94"]
[EventDate "2006.09.23"]

1. d4 Nf6 2. Nf3 d6 3. Bg5 Nbd7 4. Nbd2 g6 5. e3 Bg7 6. Bd3 O-O 7. c3 c6 8. O-O
Qc7 9. h3 a6 10. Re1 b5 11. e4 e5 12. Nf1 Bb7 13. Qd2 Rfe8 14. Ng3 c5 15. d5 c4
16. Bc2 Nc5 17. Bh6 Bc8 18. h4 Ng4 19. Bxg7 Kxg7 20. h5 Qe7 21. hxg6 hxg6 22.
Kf1 Rh8 23. Ke2 Qf6 24. Rh1 Bd7 25. Raf1 Qf4 26. Rxh8 Rxh8 27. Ke1 Nh2 28. Qxf4
exf4 29. Nxh2 Rxh2 30. Ne2 g5 31. Rg1 Kf6 32. Nd4 g4 33. Ke2 a5 34. a3 a4 35.
g3 f3+ 36. Ke3 Nb3 37. Bxb3 axb3 38. Rf1 Rh5 39. Kf4 Kg6 40. Nc6 Kf6 41. Nd4
Kg6 42. Re1 Rh2 43. Rf1 Rh5 44. Nc6 Kf6 45. Nd4 Kg6 46. Ra1 Rh2 47. Rf1 Rh5
1/2-1/2

[Event "I Chess Classic Festival"]
[Site "Siracusa ITA"]
[Date "2006.09.25"]
[Round "3"]
[White "Larsson, Daniel"]
[Black "Santagati, Alessandro"]
[Result "0-1"]
[WhiteElo "1958"]
[BlackElo "2116"]
[PlyCount "74"]
[EventDate "2006.09.23"]

1. d4 d5 2. e3 Nf6 3. f4 c5 4. c3 Bf5 5. Nf3 e6 6. Nbd2 Nc6 7. Ne5 Bd6 8. Ndf3
O-O 9. Bd3 Bxd3 10. Qxd3 Ne4 11. O-O f6 12. Ng4 Qc7 13. Nf2 Nxf2 14. Rxf2 cxd4
15. Nxd4 Nxd4 16. exd4 e5 17. dxe5 fxe5 18. fxe5 Rxf2 19. Kxf2 Rf8+ 20. Ke2
Bxe5 21. Be3 Bf4 22. Qxd5+ Kh8 23. Bd4 Qe7+ 24. Kd3 Re8 25. Kc2 h6 26. h3 Qe2+
27. Kb3 b5 28. a3 a5 29. Qf7 Re7 30. Bxg7+ Kh7 31. Qxf4 Qe6+ 32. c4 Rxg7 33. g4
bxc4+ 34. Qxc4 Rb7+ 35. Kc3 Qe5+ 36. Kd3 Rd7+ 37. Kc2 Rc7 0-1

[Event "I Chess Classic Festival"]
[Site "Siracusa ITA"]
[Date "2006.09.25"]
[Round "3"]
[White "Liistro, Giovanni Carlo"]
[Black "Cappello, Antonino"]
[Result "1-0"]
[WhiteElo "1820"]
[BlackElo "1631"]
[PlyCount "55"]
[EventDate "2006.09.23"]

1. e4 e5 2. Nf3 Nc6 3. Bb5 a6 4. Ba4 b5 5. Bb3 Nf6 6. O-O Be7 7. Re1 d6 8. c3
Bb7 9. d4 exd4 10. cxd4 O-O 11. Nbd2 d5 12. e5 Ne8 13. Nf1 Na5 14. Bc2 Bc8 15.
Ng3 Bg4 16. h3 Bxf3 17. Qxf3 Bg5 18. Qf5 g6 19. Qxg5 f6 20. exf6 Rxf6 21. Bd2
c6 22. Rxe8+ Qxe8 23. Qxf6 Nc4 24. Re1 Qf7 25. Qxf7+ Kxf7 26. Bc3 a5 27. b3 Nd6
28. Kf1 1-0

[Event "I Chess Classic Festival"]
[Site "Siracusa ITA"]
[Date "2006.09.25"]
[Round "3"]
[White "Ljubisavljevic, Zivojin Z."]
[Black "Rosberg, Simon"]
[Result "0-1"]
[WhiteElo "2290"]
[BlackElo "2011"]
[PlyCount "106"]
[EventDate "2006.09.23"]

1. d4 Nf6 2. c3 d5 3. Bg5 c6 4. Nd2 Bf5 5. Qb3 Qb6 6. f3 Nbd7 7. g4 Bg6 8. Nh3
e6 9. Nf4 Bd6 10. Qxb6 axb6 11. a3 h5 12. Nxg6 fxg6 13. Bxf6 gxf6 14. h3 hxg4
15. fxg4 f5 16. Bg2 Ke7 17. O-O-O Bf4 18. Rdf1 Bxd2+ 19. Kxd2 Rh4 20. gxf5 gxf5
21. Ke3 Rg8 22. Kf2 e5 23. dxe5 Nxe5 24. Bf3 Rgh8 25. Rfg1 Rxh3 26. Rxh3 Rxh3
27. Rg7+ Nf7 28. Ke3 Kf6 29. Rg1 Nd6 30. Kd3 Nc4 31. b3 Nxa3 32. Rg8 Nb5 33.
Rf8+ Ke6 34. Re8+ Kd7 35. Rg8 Nd6 36. Kd4 Rh6 37. Ke5 Re6+ 38. Kf4 Nb5 39. Kxf5
Re8 40. Rg7+ Re7 41. Rg8 Nxc3 42. Bg4 Kd6 43. b4 Ne4 44. Kf4 Nf6 45. Rg6 Re4+
46. Kf5 Rxg4 47. Rxf6+ Ke7 48. Rh6 Rxb4 49. Rh7+ Kd6 50. Rxb7 Re4 51. Rxb6 Rxe2
52. Kf4 d4 53. Kf3 Re8 0-1

[Event "I Chess Classic Festival"]
[Site "Siracusa ITA"]
[Date "2006.09.25"]
[Round "3"]
[White "Minniti, Giuseppe"]
[Black "Minniti, Cristiano"]
[Result "1-0"]
[WhiteElo "1740"]
[BlackElo "1608"]
[PlyCount "127"]
[EventDate "2006.09.23"]

1. e4 d5 2. exd5 Nf6 3. Bb5+ Bd7 4. Be2 Bf5 5. c4 c6 6. Qb3 Qb6 7. Qxb6 axb6 8.
Nc3 cxd5 9. cxd5 g6 10. Bf3 Nbd7 11. d4 Bg7 12. Nge2 O-O 13. O-O Rfe8 14. Bf4
e5 15. dxe6 Rxe6 16. d5 Ree8 17. Nb5 Rac8 18. Nc7 Red8 19. d6 Nc5 20. Rad1 Nfd7
21. Nd4 Bxd4 22. Rxd4 Nd3 23. Bg5 f6 24. Bd5+ Kg7 25. Be3 N7c5 26. b4 Rxd6 27.
bxc5 bxc5 28. Bxb7 cxd4 29. Bxc8 Bxc8 30. Ne8+ Kf8 31. Nxd6 dxe3 32. Nxc8 e2
33. a4 exf1=Q+ 34. Kxf1 Nc5 35. a5 Kf7 36. Ke2 Ke6 37. Ke3 Kd5 38. Ne7+ Ke5 39.
Nc6+ Kd6 40. Nb4 Ne6 41. Kd3 Kc5 42. Kc3 Nc7 43. a6 Nb5+ 44. Kb3 Nd4+ 45. Ka4
Nb5 46. Ka5 Na7 47. h4 Nb5 48. g4 Na7 49. f4 Nb5 50. f5 gxf5 51. gxf5 Na7 52.
Nd3+ Kc6 53. Nf4 Nc8 54. Nh5 Kc7 55. Nxf6 Kb8 56. Nxh7 Ka8 57. f6 Nd6 58. Ng5
Nc4+ 59. Kb4 Ne5 60. f7 Nd7 61. Ne6 Nb8 62. f8=Q Ka7 63. Qc5+ Ka8 64. Nc7# 1-0

[Event "I Chess Classic Festival"]
[Site "Siracusa ITA"]
[Date "2006.09.25"]
[Round "3"]
[White "Monica, Vincenzo"]
[Black "Cioffi, Luigi"]
[Result "0-1"]
[WhiteElo "1523"]
[BlackElo "1735"]
[PlyCount "72"]
[EventDate "2006.09.23"]

1. e4 d5 2. exd5 Qxd5 3. Nc3 Qe5+ 4. Be2 c6 5. Nf3 Qc7 6. d4 Bf5 7. O-O e6 8.
Re1 Nf6 9. Ne5 Nbd7 10. Bd3 Bxd3 11. Qxd3 Bd6 12. Bf4 Nh5 13. Qe4 Nxf4 14. Qxf4
O-O 15. Qe3 Nf6 16. h3 a6 17. Qf3 Rad8 18. a3 Qb6 19. Ne4 Nxe4 20. Qxe4 Bxe5
21. Qxe5 Qxd4 22. Qxd4 Rxd4 23. Rad1 Rfd8 24. Rxd4 Rxd4 25. Kf1 Rd2 26. Re2
Rd1+ 27. Re1 Rxe1+ 28. Kxe1 Kf8 29. Kd2 Ke7 30. Ke3 Kd6 31. Kd4 b6 32. c4 g6
33. f4 f6 34. b4 c5+ 35. Ke4 cxb4 36. axb4 a5 0-1

[Event "I Chess Classic Festival"]
[Site "Siracusa ITA"]
[Date "2006.09.25"]
[Round "3"]
[White "Pafumi, Francesco"]
[Black "Gulinelli, Euro"]
[Result "1-0"]
[WhiteElo "1702"]
[BlackElo "1586"]
[PlyCount "107"]
[EventDate "2006.09.23"]

1. e4 c5 2. Nf3 d6 3. d4 cxd4 4. Nxd4 Nf6 5. Nc3 a6 6. Be2 b5 7. Bf3 e5 8. Nf5
Bxf5 9. exf5 Ra7 10. O-O Be7 11. Be3 Rd7 12. Nd5 Nxd5 13. Bxd5 O-O 14. a4 Bg5
15. Qg4 Bxe3 16. fxe3 Qb6 17. Rf3 Kh8 18. axb5 Qxb5 19. b3 Qxd5 20. f6 Rg8 21.
Rg3 g5 22. h4 Qe6 23. Qxe6 fxe6 24. hxg5 d5 25. Kf2 Rg6 26. e4 d4 27. Ke2 Kg8
28. Ra5 Nc6 29. Rxa6 Rc7 30. Ra8+ Kf7 31. Rh3 h6 32. Rh8 Rxg5 33. Rh7+ Kxf6 34.
R3xh6+ Rg6 35. Rxg6+ Kxg6 36. Rxc7 Nb4 37. Kd2 Kf6 38. c4 Na2 39. c5 Nc3 40.
Kd3 Nd1 41. Ke2 Nc3+ 42. Kf3 Nb1 43. b4 Nd2+ 44. Ke2 Nxe4 45. Kd3 Nc3 46. Rd7
Nb5 47. c6 Kf5 48. c7 e4+ 49. Ke2 Nc3+ 50. Ke1 d3 51. c8=Q Nd5 52. Rf7+ Ke5 53.
Kd2 Nxb4 54. Qb8+ 1-0

[Event "I Chess Classic Festival"]
[Site "Siracusa ITA"]
[Date "2006.09.25"]
[Round "3"]
[White "Rigo, Gianfrancesco"]
[Black "Antkowiak, Grzegorz"]
[Result "1-0"]
[WhiteElo "2013"]
[BlackElo "2183"]
[PlyCount "39"]
[EventDate "2006.09.23"]

1. e4 c5 2. Nf3 e6 3. d4 cxd4 4. Nxd4 Nf6 5. Nc3 d6 6. Bc4 Na6 7. O-O Nc5 8. f4
Ncxe4 9. Nxe4 Nxe4 10. f5 e5 11. Nb5 Qb6+ 12. Kh1 Be7 13. Qd5 a6 14. Be3 Qxe3
15. Nc7+ Kd8 16. Nxa8 Nf2+ 17. Rxf2 Qxf2 18. Qa5+ Ke8 19. Nc7+ Kf8 20. Qd5 1-0

[Event "I Chess Classic Festival"]
[Site "Siracusa ITA"]
[Date "2006.09.25"]
[Round "3"]
[White "Rosolia, Giuseppe"]
[Black "Cultrera, Salvatore"]
[Result "1-0"]
[WhiteElo "1936"]
[BlackElo "1693"]
[PlyCount "89"]
[EventDate "2006.09.23"]

1. e4 e5 2. Nf3 Nf6 3. d3 d6 4. Nbd2 Be7 5. Be2 Bg4 6. c3 Nc6 7. O-O O-O 8. Qc2
Nd7 9. Nc4 b5 10. Ne3 Be6 11. d4 exd4 12. Nxd4 Nxd4 13. cxd4 Nb6 14. Bxb5 Bd7
15. Bxd7 Qxd7 16. b3 c6 17. Nf5 Bf6 18. Bb2 g6 19. Ne3 Rac8 20. Qe2 Rfe8 21. f3
d5 22. e5 Bg7 23. Rac1 a5 24. f4 a4 25. f5 Bh6 26. Ng4 Bg7 27. fxg6 hxg6 28.
Rf6 Re6 29. Rcf1 Bxf6 30. Rxf6 axb3 31. axb3 Qe7 32. Nh6+ Kg7 33. Rxf7+ Qxf7
34. Nxf7 Kxf7 35. Qa6 Nc4 36. bxc4 Ree8 37. cxd5 Rb8 38. Qxc6 Rxb2 39. Qf6+ Kg8
40. Qxg6+ Kf8 41. e6 Re7 42. d6 Rg7 43. e7+ Rxe7 44. dxe7+ Kxe7 45. d5 1-0

[Event "I Chess Classic Festival"]
[Site "Siracusa ITA"]
[Date "2006.09.25"]
[Round "3"]
[White "Salvaggio, Salvatore"]
[Black "Bramanti, Vincenzo"]
[Result "1-0"]
[WhiteElo "1694"]
[BlackElo "1425"]
[PlyCount "67"]
[EventDate "2006.09.23"]

1. d4 d5 2. c4 c6 3. Nf3 Nf6 4. Nc3 e6 5. Bg5 Be7 6. e3 h6 7. Bh4 Nbd7 8. Bd3
O-O 9. h3 b6 10. Qe2 Bb7 11. g4 Nh7 12. Bg3 Ng5 13. h4 Nxf3+ 14. Qxf3 g6 15.
Qg2 Kg7 16. f4 Nf6 17. g5 Nh5 18. Be2 Nxg3 19. gxh6+ Kh7 20. Qxg3 Rg8 21. cxd5
cxd5 22. Bd3 f5 23. O-O-O Rc8 24. Kb1 Bc6 25. Qf3 Be8 26. Qh3 Bf7 27. Ne2 Qe8
28. Ng1 Bf6 29. Nf3 Rc7 30. Rc1 Rxc1+ 31. Rxc1 Kxh6 32. Ng5 Bxg5 33. hxg5+ Kg7
34. Qh6# 1-0

[Event "I Chess Classic Festival"]
[Site "Siracusa ITA"]
[Date "2006.09.25"]
[Round "3"]
[White "Timoshenko, Georgy"]
[Black "Candura, Stefano"]
[Result "1-0"]
[WhiteElo "2550"]
[BlackElo "2022"]
[PlyCount "65"]
[EventDate "2006.09.23"]

1. e4 e6 2. d4 d5 3. Nc3 Bb4 4. e5 c5 5. a3 Bxc3+ 6. bxc3 Nc6 7. Qg4 g6 8. a4
f5 9. Qd1 Qa5 10. Bd2 c4 11. h4 h6 12. Ne2 Nge7 13. Qc1 h5 14. f3 Bd7 15. Kf2
Nd8 16. Bg5 Nf7 17. Bf6 Rg8 18. Qa3 Nc6 19. Nf4 Rb8 20. Be2 b5 21. Rhb1 b4 22.
cxb4 Rxb4 23. c3 Rb6 24. Bd1 Nfd8 25. Rxb6 Qxb6 26. Bc2 Nb7 27. g4 hxg4 28.
fxg4 Kf7 29. Rb1 Qc7 30. h5 gxh5 31. gxf5 Rg4 32. fxe6+ Bxe6 33. Qf8+ 1-0

[Event "I Chess Classic Festival"]
[Site "Siracusa ITA"]
[Date "2006.09.25"]
[Round "3"]
[White "Tondo, Salvatore"]
[Black "Moscarelli, Giacomo"]
[Result "1/2-1/2"]
[WhiteElo "2029"]
[BlackElo "1661"]
[PlyCount "137"]
[EventDate "2006.09.23"]

1. e4 e6 2. d4 d5 3. e5 c5 4. c3 Nc6 5. Nf3 Nge7 6. Bd3 Qb6 7. O-O Bd7 8. dxc5
Qxc5 9. Bf4 Ng6 10. Bg3 Qb6 11. Qe2 Be7 12. Re1 Rc8 13. h4 Qd8 14. h5 Nh4 15.
Nbd2 h6 16. Nb3 a6 17. Nxh4 Bxh4 18. Qg4 Bxg3 19. Qxg7 Bxe5 20. Rxe5 Ke7 21.
Re3 Qg8 22. Rg3 Qxg7 23. Rxg7 Rcg8 24. Rxg8 Rxg8 25. Nc5 Bc8 26. b4 Kd6 27. Be2
Ne5 28. Rd1 Kc6 29. f3 b5 30. a4 Nc4 31. axb5+ axb5 32. Ra1 Kb6 33. Ra8 Rd8 34.
Kf2 Nd6 35. g4 e5 36. Ke3 d4+ 37. cxd4 exd4+ 38. Kxd4 Nb7+ 39. Kc3 Nxc5 40.
bxc5+ Kxc5 41. Bd3 b4+ 42. Kc2 Kd4 43. Be4 b3+ 44. Kb2 Kc4 45. Ra4+ Kb5 46. Ra8
Kb6 47. Kxb3 Be6+ 48. Kc3 Rxa8 49. Bxa8 Kc5 50. Kd3 Kd6 51. Kd4 Bb3 52. Be4 Ke6
53. Ke3 Kf6 54. Kf4 Be6 55. Kg3 Kg7 56. Bf5 Bb3 57. f4 f6 58. Kf2 Bd5 59. Ke3
Bb3 60. Bd3 Bd1 61. Be2 Bc2 62. Bd3 Bd1 63. Be2 Bc2 64. Kf2 Be4 65. Kg3 Bd5 66.
Bd3 Bb3 67. Kh4 Bd1 68. Bf5 Be2 69. g5 1/2-1/2